00956nam a22002297a 450000500170000001000150001702000260003203500140005803700090007208200130008110000310009424501850012525000060031026000310031627000830034730000270043070000350045770000350049294200240052799900190055195201560057020250825113323.0 aENG-146499 a9789349015197c695.00 aEN-130031 bDBAD a382.121 aNedumpara, James J 984302 aBespoke Treaties or Standard Models?:bA Study of International Investment Treaty Provisions of India’s Key Trade Partners/cJames J Nedumpara; Sunanda Tewari [and] Pushkar Reddy a1 aGurgaonbLexis Nexisc2025 a14th Floor, Building No.10, Tower-B, DLF Cyber City, Phase-IIbGurgaone122002 axxxvi, 266p.c24cm(pb) aTewari, SunandaeAuthor984301 aReddy, Pushkar eAuthor984303 2ddccENmNEDh382.1 c213139d213139 001040708NFICaBL1bBL1d2025-08-25eDelivery of Books Act Divisiong695.00l0oNED 382.1pEN-130031r2025-08-25 00:00:00t1v695.00w2025-08-25yEN